000 00820nam a2200277Ia 4500
003 GCL
008 140319s9999 xx 000 0 ara d
040 _aGCL /
_cGCL
082 0 4 _a574.1912
_bا ع
100 1 _aاحسان على محاسنة
245 1 0 _aالعلوم الحياتية /
_cاحسان على محاسنة
260 _a[S.N] :
_bدار الشروق ،
_c1992
300 _aمتعدد
490 _a
650 0 4 _aالعلم
650 0 4 _aالفسيولوجيا
650 0 4 _aالنبات
650 0 4 _aالتاريخ الطبيعى
650 0 4 _aالفيزياء الحيوية
650 0 4 _aالاحياء
650 0 4 _aالاحياء الدقيقة
650 0 4 _aالاحياء المائية
650 0 4 _aالاجناس
650 0 4 _aالبروتوبلازم
942 _2ddc
_cBK
999 _c28611
_d28611